[Event "Cheliabinsk Panchenko Memorial op"]
[Site "Cheliabinsk"]
[Date "2019.09.17"]
[Round "9"]
[White "Kopylov, Artem"]
[Black "Matsenko, Andrei"]
[Result "1-0"]
[WhiteElo "2003"]
[BlackElo "2225"]
[PlyCount "119"]
[EventDate "2019.09.09"]
[EventType "swiss"]
[EventRounds "9"]
[EventCountry "RUS"]
[SourceTitle "EXT 2020"]
[Source "ChessBase"]
[SourceDate "2019.10.17"]
[SourceVersion "1"]
[SourceVersionDate "2019.10.17"]
[SourceQuality "1"]

1. d4 d5 2. c4 e6 3. Nf3 Nf6 4. Nc3 Be7 5. Bg5 0-0 6. e3 b6 7. cxd5 Nxd5 8. Bxe7 Qxe7 9. Nxd5 exd5 10. Be2 Bb7 11. 0-0 Nd7 12. Rc1 Nf6 13. b4 c6 14. Qb3 Rfc8 15. Rc2 Ne4 16. Rfc1 f6 17. Nd2 Nd6 18. Bf3 Kh8 19. a4 a6 20. a5 b5 21. Qc3 Nc4 22. Nb3 Re8 23. Nc5 f5 24. Re2 Rad8 25. g3 Bc8 26. Rce1 g5 27. e4 fxe4 28. Nxe4 dxe4 29. Rxe4 Qf7 30. d5+ Kg8 31. Rxe8+ Rxe8 32. Rxe8+ Qxe8 33. Qf6 g4 34. Qg5+ Kf7 35. Qf4+ Ke7 36. Be4 Nd6 37. Qe5+ Kd7 38. dxc6+ Kc7 39. Qg7+ Qf7 40. Qd4 Be6 41. Qa7+ Kc8 42. Qxa6+ Kd8 43. Qb6+ Qc7 44. Qd4 Kc8 45. Qh8+ Qd8 46. Qe5 Bc4 47. Bxh7 Kc7 48. Be4 Qe8 49. Qxe8 Nxe8 50. Bf5 Be2 51. Bd7 Nf6 52. h4 Nxd7 53. cxd7 Kxd7 54. f4 gxf3 55. Kf2 Kd6 56. g4 Ke5 57. h5 Kf6 58. a6 Bc4 59. Kxf3 Kg5 60. Ke4 1-0

[Event "Cheliabinsk Panchenko Memorial op"]
[Site "Cheliabinsk"]
[Date "2019.09.13"]
[Round "5"]
[White "Kopylov, Artem"]
[Black "Ignatiev, Aleksey"]
[Result "1/2-1/2"]
[WhiteElo "2003"]
[BlackElo "1667"]
[PlyCount "96"]
[EventDate "2019.09.09"]
[EventType "swiss"]
[EventRounds "9"]
[EventCountry "RUS"]
[SourceTitle "EXT 2020"]
[Source "ChessBase"]
[SourceDate "2019.10.17"]
[SourceVersion "1"]
[SourceVersionDate "2019.10.17"]
[SourceQuality "1"]

1. d4 Nf6 2. c4 e6 3. g3 Bb4+ 4. Bd2 Qe7 5. Nf3 Bxd2+ 6. Qxd2 d6 7. Bg2 e5 8. Nc3 0-0 9. 0-0 Re8 10. e4 Bg4 11. Nh4 exd4 12. Qxd4 Nc6 13. Qd2 Qd7 14. Rfe1 Bh3 15. Nd5 Nxd5 16. cxd5 Ne5 17. Rac1 Bxg2 18. Kxg2 c5 19. dxc6 bxc6 20. Rcd1 Rad8 21. Qc3 f6 22. f4 Nf7 23. Nf3 Re7 24. Nd4 c5 25. Nf5 Ree8 26. Qc4 Qc6 27. Rd5 Qb6 28. b3 a5 29. Red1 Kf8 30. Ne3 Qb4 31. Kf3 Qb6 32. Qc3 a4 33. bxa4 Qc6 34. Qc4 Ra8 35. Qb5 Qa6 36. R1d2 Qxa4 37. Qxa4 Rxa4 38. Nf5 Raxe4 39. Nxd6 Nxd6 40. Rxd6 Ra4 41. Rc6 c4 42. f5 Ra3+ 43. Kf2 c3 44. Rc2 Rea8 45. R2xc3 Rxc3 46. Rxc3 Rxa2+ 47. Kf3 Rxh2 48. Rc8+ Kf7 1/2-1/2

[Event "Eurasia Cup op"]
[Site "Ekaterinburg"]
[Date "2019.08.05"]
[Round "5"]
[White "Kopylov, Artem"]
[Black "Plyonkin, Alexey"]
[Result "1-0"]
[WhiteElo "1845"]
[BlackElo "1305"]
[PlyCount "47"]
[EventDate "2019.07.31"]
[EventType "swiss"]
[EventRounds "9"]
[EventCountry "RUS"]
[SourceTitle "CBM 191 Extra"]
[Source "ChessBase"]
[SourceDate "2019.09.30"]
[SourceVersion "1"]
[SourceVersionDate "2019.09.30"]
[SourceQuality "1"]

1. d4 d5 2. c4 e6 3. Nf3 c6 4. g3 Nf6 5. Bg2 Be7 6. 0-0 dxc4 7. Ne5 0-0 8. Nxc4 c5 9. dxc5 Bxc5 10. Nc3 Nc6 11. Bf4 a6 12. Qxd8 Rxd8 13. Na4 Ba7 14. Nab6 Bxb6 15. Nxb6 Ra7 16. Rfd1 Re8 17. Rac1 e5 18. Nxc8 Rxc8 19. Bxe5 Rca8 20. Bxf6 gxf6 21. a3 Nd8 22. e3 Rb8 23. Be4 Kg7 24. Rd7 1-0

[Event "Samara Polugaevsky Memorial 9th"]
[Site "Samara"]
[Date "2019.07.10"]
[Round "1"]
[White "Kuderinov, Kirill"]
[Black "Kopylov, Artem"]
[Result "1-0"]
[WhiteElo "2439"]
[BlackElo "1845"]
[PlyCount "97"]
[EventDate "2019.07.10"]
[EventType "swiss"]
[EventRounds "9"]
[EventCountry "RUS"]
[SourceTitle "EXT 2020"]
[Source "ChessBase"]
[SourceDate "2019.10.17"]
[SourceVersion "1"]
[SourceVersionDate "2019.10.17"]
[SourceQuality "1"]

1. e4 c5 2. Nf3 e6 3. d4 cxd4 4. Nxd4 Nf6 5. Nc3 d6 6. Be3 Be7 7. g4 h6 8. Bb5+ Bd7 9. Qe2 Nc6 10. 0-0-0 a6 11. Bxc6 bxc6 12. h4 g6 13. e5 Nd5 14. exd6 Nxc3 15. bxc3 Bxd6 16. Nb3 Qe7 17. Qc4 Rb8 18. Nc5 e5 19. Nxa6 Rb5 20. Rxd6 Qxd6 21. Bc5 Rxc5 22. Nxc5 Be6 23. Nxe6 Qxe6 24. Qxe6+ fxe6 25. Re1 Rf8 26. Rxe5 Kd7 27. g5 h5 28. Re4 Rxf2 29. a4 Rh2 30. Kb2 Kc7 31. Kb3 e5 32. a5 Kb7 33. Kb4 Rxc2 34. Rxe5 Rh2 35. Re4 Rb2+ 36. Kc5 Rb5+ 37. Kd6 Rxa5 38. Rb4+ Kc8 39. Kxc6 Re5 40. Rf4 Re6+ 41. Kd5 Re3 42. c4 Kc7 43. c5 Re1 44. Rf7+ Kc8 45. Kd6 Rd1+ 46. Ke5 Rh1 47. Rf4 Rg1 48. Kf6 Rg4 49. Rf1 1-0

[Event "RUS-chT U14 final"]
[Site "Sochi"]
[Date "2019.05.10"]
[Round "9.1"]
[White "Kopylov, Artem"]
[Black "Grachev, Alexey1111"]
[Result "0-1"]
[WhiteElo "1848"]
[BlackElo "2279"]
[PlyCount "52"]
[EventDate "2019.05.01"]
[EventType "team-tourn"]
[EventRounds "9"]
[EventCountry "RUS"]
[SourceTitle "CBM 190 Extra"]
[Source "ChessBase"]
[SourceDate "2019.07.15"]
[SourceVersion "1"]
[SourceVersionDate "2019.07.15"]
[SourceQuality "1"]

1. d4 Nf6 2. c4 c5 3. d5 e6 4. Nc3 exd5 5. cxd5 d6 6. Nf3 g6 7. g3 Bg7 8. Bg2 0-0 9. 0-0 Re8 10. Nd2 a6 11. a4 Nbd7 12. h3 Rb8 13. Nc4 Ne5 14. Na3 Nh5 15. e4 Bd7 16. Kh2 b5 17. Nab1 c4 18. axb5 axb5 19. g4 Nf6 20. Bf4 Nd3 21. Bg3 b4 22. Ne2 Nxe4 23. Bxe4 Rxe4 24. Bxd6 Ba4 25. Rxa4 Qxd6+ 26. Ng3 Nxb2 0-1

[Event "RUS-chT U14 final"]
[Site "Sochi"]
[Date "2019.05.04"]
[Round "4.1"]
[White "Kopylov, Artem"]
[Black "Girshgorn, Leonid"]
[Result "1/2-1/2"]
[WhiteElo "1848"]
[BlackElo "2040"]
[PlyCount "85"]
[EventDate "2019.05.01"]
[EventType "team-tourn"]
[EventRounds "9"]
[EventCountry "RUS"]
[SourceTitle "CBM 190 Extra"]
[Source "ChessBase"]
[SourceDate "2019.07.15"]
[SourceVersion "1"]
[SourceVersionDate "2019.07.15"]
[SourceQuality "1"]

1. d4 Nf6 2. c4 d6 3. Nc3 Nbd7 4. Nf3 e5 5. g3 c6 6. Bg2 e4 7. Nd2 d5 8. f3 exf3 9. Bxf3 Bd6 10. 0-0 h5 11. e4 dxe4 12. Ndxe4 Be7 13. Bf4 Nxe4 14. Nxe4 Nb6 15. Bxh5 0-0 16. b3 Bh3 17. Rf2 a5 18. Qf3 f5 19. Nc3 Qxd4 20. Rd1 Qf6 21. Qe3 Rad8 22. Rxd8 Rxd8 23. Bc7 Nd7 24. Bxd8 Bxd8 25. Qe8+ Kh7 26. Qxd7 Qxc3 27. Qd2 Qa1+ 28. Qd1 Qxd1+ 29. Bxd1 Bb6 30. Bf3 Kg6 31. a3 Kf6 32. b4 axb4 33. axb4 Be3 34. b5 cxb5 35. cxb5 b6 36. Bg2 Bg4 37. Kf1 Bxf2 38. Kxf2 Ke5 39. Ke3 Bh5 40. Bc6 Bf7 41. h4 Bc4 42. Bd7 Bf1 43. Bc6 1/2-1/2

[Event "RUS-chT U14 final"]
[Site "Sochi"]
[Date "2019.05.02"]
[Round "2.1"]
[White "Kopylov, Artem"]
[Black "Volegova, Polina"]
[Result "1-0"]
[WhiteElo "1848"]
[BlackElo "1716"]
[PlyCount "153"]
[EventDate "2019.05.01"]
[EventType "team-tourn"]
[EventRounds "9"]
[EventCountry "RUS"]
[SourceTitle "CBM 190 Extra"]
[Source "ChessBase"]
[SourceDate "2019.07.15"]
[SourceVersion "1"]
[SourceVersionDate "2019.07.15"]
[SourceQuality "1"]

1. d4 Nf6 2. c4 e6 3. g3 c5 4. d5 exd5 5. cxd5 d6 6. Nc3 g6 7. Bg2 Bg7 8. Nf3 0-0 9. 0-0 Re8 10. Nd2 a6 11. a4 Nbd7 12. h3 Ne5 13. f4 Ned7 14. e4 Rb8 15. Nc4 Nb6 16. Na3 Na8 17. Re1 Nd7 18. Be3 b6 19. Nc4 Qe7 20. e5 dxe5 21. fxe5 Qd8 22. e6 Ne5 23. Bf4 f6 24. Ne4 Nxc4 25. Bxb8 Bxe6 26. dxe6 Qxb8 27. Qd5 Ne5 28. e7+ Kh8 29. Rad1 Rxe7 30. Nxc5 Nc7 31. Qd8+ Qxd8 32. Rxd8+ Ne8 33. Bc6 Nf3+ 34. Bxf3 Rxe1+ 35. Kf2 Re7 36. Nb7 f5 37. Bc6 Bxb2 38. Rxe8+ Rxe8 39. Bxe8 Kg7 40. Bc6 Ba3 41. Nd8 Kf6 42. Kf3 Be7 43. Nb7 Bb4 44. Bd5 g5 45. Nd8 h5 46. Bb7 g4+ 47. Kg2 a5 48. h4 Be1 49. Nc6 f4 50. gxf4 Bxh4 51. Bc8 Be1 52. Nd4 Bd2 53. Ne2 Ke7 54. Bf5 Kd6 55. Bg6 h4 56. Bf5 g3 57. Be4 Kc5 58. Bd3 Be3 59. Kf3 Bf2 60. f5 Kd5 61. Nf4+ Ke5 62. Ng6+ Kd4 63. Bf1 Kd5 64. Nxh4 Ke5 65. Kg4 Kf6 66. Ng2 Bc5 67. Nf4 Bd4 68. Nh5+ Ke5 69. Nxg3 Bc5 70. Kg5 Be7+ 71. Kg6 Bd8 72. Nh5 Be7 73. Bb5 Bf8 74. f6 Ke6 75. Bc4+ Ke5 76. Kf7 Bh6 77. Ke8 1-0

[Event "Nezhmetdinov Memorial 40th"]
[Site "Kazan"]
[Date "2018.09.21"]
[Round "9"]
[White "Kopylov, Artem"]
[Black "Khabibullin, Ruslan1111"]
[Result "0-1"]
[WhiteElo "1779"]
[BlackElo "1517"]
[PlyCount "102"]
[EventDate "2018.09.13"]
[EventType "swiss"]
[EventRounds "9"]
[EventCountry "RUS"]
[SourceTitle "CBM 186 Extra"]
[Source "ChessBase"]
[SourceDate "2018.08.24"]
[SourceVersion "1"]
[SourceVersionDate "2018.08.24"]
[SourceQuality "1"]

1. g3 d5 2. Bg2 c5 3. d3 Nc6 4. e4 dxe4 5. Bxe4 Bd7 6. Bg2 g6 7. Nf3 Bg7 8. 0-0 Nf6 9. Nc3 0-0 10. Re1 Rc8 11. Rb1 b6 12. Bf4 Nd4 13. Ne5 Nh5 14. Nxd7 Qxd7 15. Bg5 Nf6 16. Qd2 h6 17. Bf4 Kh7 18. Be5 e6 19. Ne2 Ng4 20. Bxg7 Kxg7 21. c3 Nf5 22. Rbd1 Rfd8 23. Qf4 Nf6 24. d4 Qb5 25. b3 cxd4 26. Nxd4 Nxd4 27. Rxd4 Rxd4 28. Qxd4 Qa5 29. Re3 Qc5 30. Qxc5 Rxc5 31. c4 Kf8 32. Bf3 Ke7 33. Kf1 Rc7 34. Ke2 b5 35. Kd3 bxc4+ 36. bxc4 Kd6 37. Kc3 Nd5+ 38. Bxd5 exd5 39. Kb3 Rxc4 40. Re8 Rc7 41. Rd8+ Rd7 42. Re8 Rc7 43. Rd8+ Ke5 44. a4 Ke4 45. f3+ Kd4 46. Kb4 Rb7+ 47. Ka5 Kc4 48. Ka6 Rc7 49. a5 d4 50. Rb8 d3 51. Rb1 d2 0-1

[Event "RUS-ch Eurasia Cup op"]
[Site "Ekaterinburg"]
[Date "2018.08.10"]
[Round "9"]
[White "Kopylov, Artem"]
[Black "Pauli, Stanislav"]
[Result "0-1"]
[WhiteElo "1716"]
[BlackElo "1937"]
[PlyCount "82"]
[EventDate "2018.08.01"]
[EventType "swiss"]
[EventRounds "9"]
[EventCountry "RUS"]
[SourceTitle "CBM 185 Extra"]
[Source "ChessBase"]
[SourceDate "2018.07.29"]
[SourceVersion "1"]
[SourceVersionDate "2018.07.29"]
[SourceQuality "1"]

1. d4 Nf6 2. c4 c5 3. d5 d6 4. Nc3 Bf5 5. f3 e5 6. e4 Bd7 7. f4 Ng4 8. f5 h5 9. Nf3 Be7 10. Bd3 h4 11. h3 Nf6 12. Be3 Nh5 13. Qd2 Ng3 14. Rg1 Na6 15. a3 Qa5 16. 0-0-0 Nc7 17. Bg5 Bf6 18. Bxf6 gxf6 19. Qf2 a6 20. Nxh4 Rxh4 21. Qxg3 Rh8 22. Qg7 Ke7 23. Qg3 b5 24. Qe3 bxc4 25. Bxc4 Nb5 26. g4 Nxc3 27. bxc3 Qxa3+ 28. Kd2 Qb2+ 29. Ke1 Qh2 30. Rg3 a5 31. Rd2 Qh1+ 32. Bf1 Rab8 33. Qd3 Rb3 34. Qc2 Rhb8 35. Kf2 Rb1 36. Be2 a4 37. Rd1 Rxd1 38. Qxd1 Qxe4 39. Qd2 a3 40. g5 Qxf5+ 41. Bf3 Rb2 0-1

[Event "RUS-ch Eurasia Cup op"]
[Site "Ekaterinburg"]
[Date "2018.08.07"]
[Round "6"]
[White "Kopylov, Artem"]
[Black "Patrushev, Konstantin"]
[Result "0-1"]
[WhiteElo "1716"]
[BlackElo "2138"]
[PlyCount "76"]
[EventDate "2018.08.01"]
[EventType "swiss"]
[EventRounds "9"]
[EventCountry "RUS"]
[SourceTitle "CBM 185 Extra"]
[Source "ChessBase"]
[SourceDate "2018.07.29"]
[SourceVersion "1"]
[SourceVersionDate "2018.07.29"]
[SourceQuality "1"]

1. d4 d5 2. c4 c6 3. Nc3 Nf6 4. Nf3 e6 5. e3 Nbd7 6. b3 Bd6 7. Be2 0-0 8. 0-0 b6 9. Bb2 Bb7 10. Rc1 Rc8 11. Qc2 Qe7 12. Rfd1 Rfd8 13. Qb1 h6 14. Nd2 c5 15. Nf3 dxc4 16. Bxc4 a6 17. d5 Nf8 18. dxe6 Nxe6 19. Qf5 Bc7 20. Nd5 Nxd5 21. Bxd5 Bxd5 22. Rxd5 Rxd5 23. Qxd5 Rd8 24. Qc4 b5 25. Qc2 Qd7 26. Re1 Qd5 27. e4 Qd7 28. g3 Ba5 29. Bc3 Bxc3 30. Qxc3 Qd3 31. Qxd3 Rxd3 32. Kg2 f6 33. e5 f5 34. Rc1 f4 35. Rc2 Rxf3 36. Kxf3 Nd4+ 37. Ke4 Nxc2 38. Kd5 fxg3 0-1

[Event "RUS-ch Eurasia Cup op"]
[Site "Ekaterinburg"]
[Date "2018.08.04"]
[Round "4"]
[White "Zorin, Alexander"]
[Black "Kopylov, Artem"]
[Result "1-0"]
[WhiteElo "2183"]
[BlackElo "1716"]
[PlyCount "125"]
[EventDate "2018.08.01"]
[EventType "swiss"]
[EventRounds "9"]
[EventCountry "RUS"]
[SourceTitle "CBM 185 Extra"]
[Source "ChessBase"]
[SourceDate "2018.07.29"]
[SourceVersion "1"]
[SourceVersionDate "2018.07.29"]
[SourceQuality "1"]

1. f4 d5 2. Nf3 g6 3. e3 Bg7 4. d4 Nf6 5. c4 c6 6. Nc3 0-0 7. Bd3 Be6 8. Ng5 Bg4 9. Qb3 h6 10. Nf3 Bxf3 11. gxf3 b6 12. cxd5 cxd5 13. f5 gxf5 14. Bxf5 e6 15. Bd3 Nc6 16. 0-0 Kh8 17. Ne2 Nh5 18. Kh1 Rg8 19. Bd2 Qd6 20. f4 f5 21. Rg1 Nf6 22. Rg2 Ne4 23. Bxe4 dxe4 24. Rag1 Bf6 25. Bc3 Rxg2 26. Rxg2 Rf8 27. Qa4 a5 28. Qc4 Ne7 29. Bd2 Rc8 30. Qa6 Qc6 31. Nc3 Qc4 32. Qxc4 Rxc4 33. Rg1 Kh7 34. Rc1 Kg7 35. Kg2 Kf7 36. Nxe4 Rxc1 37. Nd6+ Kf8 38. Bxc1 Nd5 39. a3 Ke7 40. Nc4 Kd7 41. Kf3 Kc6 42. e4 Ne7 43. Be3 Bh4 44. a4 Be1 45. Ne5+ Kc7 46. Ke2 Bh4 47. Kd3 fxe4+ 48. Kxe4 Nf5 49. Bg1 Kd6 50. Nc4+ Kc6 51. Ke5 Ng7 52. d5+ exd5 53. Nxb6 Be7 54. Nxd5 Bd6+ 55. Ke4 Ne6 56. Be3 Nc5+ 57. Bxc5 Bxc5 58. Ke5 Kd7 59. h3 Ke8 60. Ke6 Kf8 61. f5 Bd4 62. b3 Bc5 63. f6 1-0

[Event "RUS-chT U14"]
[Site "Sochi"]
[Date "2017.05.05"]
[Round "5.2"]
[White "Kopylov, Artem"]
[Black "Vasilyev, Alexey1111"]
[Result "0-1"]
[WhiteElo "1481"]
[BlackElo "1845"]
[PlyCount "64"]
[EventDate "2017.05.01"]
[EventType "team-tourn"]
[EventRounds "9"]
[EventCountry "RUS"]
[SourceTitle "CBM 178 Extra"]
[Source "ChessBase"]
[SourceDate "2017.06.22"]
[SourceVersion "1"]
[SourceVersionDate "2017.06.22"]
[SourceQuality "1"]

1. d4 Nf6 2. c4 e6 3. Nf3 Bb4+ 4. Nbd2 0-0 5. a3 Be7 6. e4 d6 7. Bd3 Nbd7 8. Qc2 e5 9. 0-0 exd4 10. Nxd4 Nc5 11. Be2 a5 12. b3 Re8 13. Bb2 Bf8 14. f3 Bd7 15. Rfd1 g6 16. Nf1 Bg7 17. Ne3 Qb8 18. Nd5 Nxd5 19. cxd5 Qa7 20. Nb5 Bxb5 21. Bxb5 Bxb2 22. Ra2 c6 23. dxc6 Be5 24. cxb7 Nxb7+ 25. Kh1 Rec8 26. Qe2 Nc5 27. Bc4 Ne6 28. g3 Nd4 29. Qd3 Rc7 30. Rdd2 Rac8 31. Rg2 a4 32. f4 axb3 0-1